000 00500nam a2200181Ia 4500
999 _c21080
_d21080
003 OSt
005 20200618113653.0
008 190216s9999||||xx |||||||||||||| ||und||
020 _a8177557475
040 _coclc
082 _a954
_bMUL/I
100 _aMuller, F Max
_93039
245 0 _aIndia What Can It Teach Us? /
_cF Max Muller
260 _bCosmo Publications,
_aNew Delhi:
_c2003.
300 _a296p
650 _aHistory
942 _cBK
_2ddc
_h954
_iMUL/I
_k954
_mMUL/I